[Event "ISR-ch op"]
[Site "Safed"]
[Date "2021.12.11"]
[Round "4"]
[White "Ribshtein, Nati"]
[Black "Pashanov, Stanislav"]
[Result "1-0"]
[WhiteElo "2291"]
[BlackElo "2045"]
[PlyCount "67"]
[EventDate "2021.12.08"]
[EventType "swiss"]
[EventRounds "9"]
[EventCountry "ISR"]
[SourceTitle "CBM 205 Extra"]
[Source "ChessBase"]
[SourceDate "2022.01.31"]
[SourceVersion "1"]
[SourceVersionDate "2022.01.31"]
[SourceQuality "1"]

1. d4 Nf6 2. c4 g6 3. Nc3 Bg7 4. e4 d6 5. Be2 0-0 6. Be3 c6 7. g4 Qa5 8. f3 e5 9. d5 cxd5 10. cxd5 Bxg4 11. fxg4 Nxe4 12. Qa4 Qxa4 13. Nxa4 b6 14. Nh3 Nd7 15. 0-0 Rac8 16. Rac1 Ndf6 17. Rfd1 Rxc1 18. Bxc1 b5 19. Bxb5 Nxg4 20. Be2 h5 21. Nc3 Nxc3 22. bxc3 Rc8 23. c4 e4 24. Nf2 f5 25. Nxg4 hxg4 26. Bf4 Bf8 27. Rb1 Rc7 28. Rb8 Kf7 29. Rxf8+ Kxf8 30. Bxd6+ Re7 31. c5 Kf7 32. Bxe7 Kxe7 33. d6+ Kd7 34. Kf2 1-0

[Event "ISR-ch op"]
[Site "Safed"]
[Date "2021.12.10"]
[Round "3"]
[White "Pashanov, Stanislav"]
[Black "Shohat, Yotam"]
[Result "0-1"]
[WhiteElo "2045"]
[BlackElo "2325"]
[PlyCount "86"]
[EventDate "2021.12.08"]
[EventType "swiss"]
[EventRounds "9"]
[EventCountry "ISR"]
[SourceTitle "CBM 205 Extra"]
[Source "ChessBase"]
[SourceDate "2022.01.31"]
[SourceVersion "1"]
[SourceVersionDate "2022.01.31"]
[SourceQuality "1"]

1. d4 Nf6 2. c4 g6 3. Nc3 Bg7 4. e4 0-0 5. f4 d6 6. Nf3 c5 7. d5 e6 8. Be2 exd5 9. exd5 Re8 10. 0-0 Bf5 11. Bd3 Qd7 12. Bxf5 Qxf5 13. Nh4 Qg4 14. Qxg4 Nxg4 15. h3 Bd4+ 16. Kh1 Nf2+ 17. Kh2 Bxc3 18. bxc3 Ne4 19. Rb1 b6 20. Rb3 Nd7 21. g4 Nef6 22. Ng2 Re2 23. Rb2 Rae8 24. Rxe2 Rxe2 25. g5 Ne4 26. Re1 Nxc3 27. Rxe2 Nxe2 28. Bb2 f5 29. gxf6 Kf7 30. h4 Nxf6 31. Kh3 h5 32. f5 gxf5 33. Ne3 Kg6 34. Kg2 Ng4 35. Kf3 Nd4+ 36. Bxd4 cxd4 37. Ng2 Ne5+ 38. Ke2 Kf6 39. Nf4 Ng6 40. Nxh5+ Ke5 41. Ng3 Nxh4 42. Nf1 Kf4 43. Kf2 Ke5 0-1